|
|
|
|
| LEADER |
00000nab a2200000 ar4500 |
| 001 |
vtls009154157 |
| 003 |
SK-MaSNL |
| 005 |
20260303064040.0 |
| 008 |
071029c1976 xo ||||||||||||00 b|slo |
| 015 |
|
|
|a SNBRB2007/10
|2 snkbucl
|
| 038 |
|
|
|a SNKBUCL
|
| 040 |
|
|
|a SNKBUCL
|b slo
|c SNKBUCL
|e AACR2
|
| 041 |
|
|
|a slo
|
| 044 |
|
|
|a xo
|c SK
|
| 080 |
|
|
|a 78.071.1
|2 1997
|
| 100 |
1 |
|
|a Volařík, Josef
|4 aut
|9 1062141
|
| 245 |
1 |
0 |
|a Zabiť ťa, Viktor, nemohli!
|c Josef Volařík
|
| 300 |
|
|
|b Obr.
|
| 600 |
1 |
7 |
|a Jaro, Viktor
|2 snkbucl
|9 1062142
|
| 773 |
0 |
|
|t Život
|g Roč. 26, č. 33 (1976), s. 21
|
| 852 |
|
|
|a SNK
|b KIS3GCP
|
| 958 |
|
|
|a BX
|
| 999 |
|
|
|c 1745522
|d 1747452
|